000 00379nam a2200157 a 4500
008 960122s1990||||[C 0 cze c
020 _a8070230495
_c35
040 _aSNK
_bslo
_cSNK
_eAACR2
041 1 _acze
044 _aCZ
100 1 _aMailer, Norman
_4aut
245 1 0 _aAmerický sen
_cNorman Mailer
250 _a1., vyd.
260 _aPraha
_bMelantrich
_c1990
958 _aA
999 _c11501
_d11501